00540nam a2200193 a 4500001001300000003000900013005001700022008004100039020002300080082001600103100001600119245004100135260005000176300000900226500003500235505003400270650002600304700001600330nice12345678IN_TiNIC20260116014211.0050524s2004 newa grp 000 0 eng  a8176480 c79500a954.01bPRU aPruthi, R K aPrehistory and Harappan Civilisation aNew DelhibA.P.H.Publishing Corporationc2004 a301p aincludes index and biblioraphy2 aAppendix, Bibliography, Index aCulture-Ancient-India1 aPruthi, R K